000 00954nam a22002417a 4500
999 _c161431
_d161431
005 20190808122606.0
010 _a1819CHEN B-719070-9090
020 _a9789352751754
_c399.00
035 _aB-719070-9090
035 _aB-728549
037 _bBharatiya Sahitya Bhavana
082 _a230.31
245 _aScholastic book of Hindu Gods and Goddesses /
_cretold by Deepa Agarwal ; illustrated by Rayika Sen
260 _aGurgaon
_bScholastic
_c2018(repr.)
270 _bGurgaon
_e122001
_aA-27, Ground Floor, Sigma Centre, Infocity-1, Sector-34
300 _a143p.:
_bcol. ill.
_c20cm(pbk)
500 _aAirport
700 _aAgarwal,Deepa
700 _aSen, Rayika
942 _2ddc
_cCH
_mSCH
_h230.31